000 00760nam a2200277 a 4500
001 vtls000969499
003 NLI
005 20210627095145.0
008 120112s1882 enk 000 0 eng
020 _cRs.6.00
039 9 _y201201121811
_zEntertech_02
040 0 _aNLI
_beng
_cEntertech-FY 2010
_eAACR2
041 0 _aeng
044 _aenk
084 _a67.A.163
100 1 _aStack, Edward
_9779897
245 1 0 _aSix months in Persia /
_cby Edward Stack
260 _aLondon :
_bSampson Low,
_c1882
300 _a2v. ;
_c21 cm.
651 0 _aPersia
_xDescription and travel
887 _a
901 _aIMP52998 :
_b11.08.2010
_9v.1
901 _aIMP52997 :
_b11.08.2010
_9v.2
902 _a67.A.163
999 _aVIRTUA
_c793162
_d793162
942 _2ddc
_cBKS